000 00817nam a2200229 i 4500
001 155557
003 ES-MaACL
005 20260616130212.0
008 040726s1877 it |||| | ita d
040 _aCAM
_bspa
_cCAM
100 0 _aHomero
_964112
245 1 0 _aOdissea di Omero /
_ctradotta da Ippolito Pindemonte; con cenni intorno alla questione omerica ed al traduttore.
250 _a3ª ed.
260 _aMilano :
_bEdoardo Sonzogno editore,
_c1877.
300 _a369 p. ;
_c17 cm.
490 1 _aBiblioteca classica economica ;
_v4
598 _aMención de serie tomada de la cub. original.
700 1 _aPindemonte, Ippolito.
_9131166
830 0 0 _aBiblioteca classica economica
_v4
_9182054
852 _aES-MaACL
_jF-10605
_z-- Enc. hol. conservando la cub. original
999 _c155557
_d155557